| 000 | 00330nam a2200121Ia 4500 | ||
|---|---|---|---|
| 008 | 191201s2018 xx 000 0 und d | ||
| 100 | _aSebastian,Jibi | ||
| 245 | 0 | _aAnatomy & Physiology with Solved Questions | |
| 260 |
_bAITBS Pub. _aNew Delhi _c2018 |
||
| 300 | _a275 | ||
| 650 | _aHuman Anatomy & Physiology | ||
| 942 |
_2ddc _cBK _07 |
||
| 999 |
_c8350 _d8350 |
||